Plan de intervención en la Materia de Higiene y Seguridad Laboral en el Plantel EMPREMAR

El estudio presenta un plan de intervención en materia de higiene y seguridad laboral en el plantel EMPREMAR, para esto se realizó un diagnóstico, en donde se analizaron las diferentes áreas y puestos laborales que se encuentran en el plantel actuando en cada uno de los procesos correspondientes...

Full description

Bibliographic Details
Main Authors: González, María Jessica, Cuendiz Marenco, Elsa Isabel
Other Authors: Tutor: Gutiérrez Martínez, Marbel Evaristo
Format: Tesis Section = Libro
Language:Undetermined
Spanish
Published: Managua UNI 2014
Subjects:
LEADER 01365nam a2200265Ia 4500
008 240830s9999 xx 000 0 und d
040 |a BIBLIOTECA-RUPAP Mon 658.38 G643 
041 |a spa 
082 |a Mon 658.38 G643 
100 1 |a González, María Jessica 
100 1 |b  Cuendiz Marenco, Elsa Isabel 
245 1 0 |a Plan de intervención en la Materia de Higiene y Seguridad Laboral en el Plantel EMPREMAR 
260 |a Managua  |b UNI  |c 2014 
300 |a 140 p. :il. 
500 |a Contiene: anexos. 
502 |a Tesis (Ingeniero Industrial)- UNI, 2014. 
520 3 |a El estudio presenta un plan de intervención en materia de higiene y seguridad laboral en el plantel EMPREMAR, para esto se realizó un diagnóstico, en donde se analizaron las diferentes áreas y puestos laborales que se encuentran en el plantel actuando en cada uno de los procesos correspondientes, se identificó por observación directa los procedimientos de trabajo en cada puesto; posteriormente se evaluó los factores ambientales tales como iluminación, ruido y estrés térmico. 
650 7 |a HIGIENE Y SEGURIDAD LABORAL 
650 7 |b EVALUACION DE RIESGOS LABORALES 
650 7 |c MEDIDAS DE SEGURIDAD EN EL TRABAJO 
650 7 |d MAPAS DE RIESGOS LABORALES 
700 1 |a Tutor:  |b Gutiérrez Martínez, Marbel Evaristo 
942 |c BK  |2 ddc 
991 |a TESIS 
999 |c 17116